000 00734nam a2200253 a 4500
001 000033987
003 DO-SdBNP
005 20240206093800.0
007 ta
008 110919s1992 dr 000 0 spa d
040 _aDO-SdBNP
_bspa
_cBNPHU
_drda
110 _aRepública Dominicana
_9447
240 1 3 _a[ Leyes, etc. ]
245 1 0 _aCódigo de trabajo de la República Dominicana.
264 _aSanto Domingo :
_bCongreso Nacional,
_c1992.
300 _a268 paginas ;
_c21 cm.
336 _2rdacontent
_atexto
_btxt
337 _2rdamedia
_asin mediación
_bn
338 _2rdacarrier
_avolumen
_bnc
500 _aIncluye notas al pie de las páginas
590 _aInventariado, 2024 / DG
910 _aDG
942 _2ddc
_cLBS1
999 _c33478
_d33478